| 000 | 00727nam a2200229 4500 | ||
|---|---|---|---|
| 001 | 139036 | ||
| 003 | ES-MaACL | ||
| 005 | 20250722131826.0 | ||
| 007 | t| | ||
| 008 | 070214s1985 sp r ||||1| spa d | ||
| 020 | _a84-322-0524-9 | ||
| 100 | 1 |
_aSaramago, José, _d1922-2010 _9103754 |
|
| 245 | 1 | 3 |
_aEl año de la muerte de Ricardo Reis / _cJosé Saramago ; traducción del portugués por Basilio Losada. |
| 250 | _a1ª. ed. | ||
| 260 |
_aBarcelona : _bSeix Barral, _c1985. |
||
| 300 |
_a357 p. ; _c20 cm. |
||
| 490 | 1 | _aBiblioteca breve | |
| 700 | 1 |
_aLosada, Basilio, _d1930- _974251 |
|
| 830 | 0 |
_aBiblioteca breve (Seix Barral) _9227188 |
|
| 852 |
_aES-MaACL _jL-8997 _bR.109299 |
||
| 999 |
_c139036 _d139036 |
||